000 00249nam a2200097Ia 4500
008 240331s9999 xx 000 0 und d
082 _bROB
100 _aRoberts,M
245 0 _aSinhala consciousness in the Kandyan period 1590s to 1815 :
_b-
942 _cL
999 _c3544
_d3544